000 00794nam0a22002531 4500
001 rc\101603
005 20250620182104.0
010 _a5-85670-009-0
_9100000
035 _a(NLR Aleph) 005364601
090 _a6934700
_c6934700
100 _a20021216d1993 |||y0rusy50 ca
101 0 _arus
102 _aRU
105 _aa |||||||||
200 1 _aСкажи смерти "нет"!
_fДимфна Кьюсак
_g[Пер. с англ. Б. Носика]
210 _aСПб.
_cСоциал.-коммерч. фирма "Человек"
_d1993
215 _a349, [1] с.
_cил.
_d20
225 1 _aДамский роман
700 1 _aКьюсак
_bД.
_f1902-1981
_gДимфна
801 0 _aRU
_bNLR
_gpsbo
801 1 _aRU
_bELAR
_2rusmarc
852 _aNLR
_j93-3/6881
942 _cBOOK
980 _aNB